[Event "DEM U16 2003"]
[Site "Willingen GER"]
[Date "2003.06.10"]
[Round "4"]
[White "Becker, Martin Alexander"]
[Black "Krämer, Martin"]
[Result "1-0"]
[Termination "normal"]
[Board "5"]
[WhiteElo "2199"]
[BlackElo "2173"]
[PlyCount "137"]
[WhiteFideId "4680820"]
[BlackFideId "4671910"]
[EventCountry "GER"]
[EventRounds "9"]
[EventType "swiss"]
[EventDate "2003.06.07"]

1. e4 c5 2. Nf3 Nc6 3. d4 cxd4 4. Nxd4 Nf6 5. Nc3 d6 6. f3 e6 7. Be3 a6 8. Qd2
Bd7 9. O-O-O Be7 10. g4 h6 11. h4 Qc7 12. Rg1 O-O-O 13. g5 hxg5 14. hxg5 Nh5
15. Nb3 Kb8 16. Qf2 Rdf8 17. Nd2 f5 18. Bb6 Qc8 19. Nc4 Nf4 20. Rxd6 fxe4 21.
Nxe4 Be8 22. Rd1 Nd5 23. Qg3+ Ka8 24. Ned6 Qb8 25. Bc5 Rf4 26. Rxd5 Rxc4 27.
Bxc4 exd5 28. Bxd5 Bg6 29. Be4 Bxe4 30. Nxe4 Bxc5 31. Qxb8+ Kxb8 32. Nxc5 Nd4
33. Rf1 Rc8 34. Nd3 Rxc2+ 35. Kd1 Rg2 36. f4 Nc2 37. Rh1 Ne3+ 38. Ke1 Nc2+ 39.
Kd1 Ne3+ 40. Kc1 Rc2+ 41. Kb1 Rd2 42. Nc5 Nc4 43. Ne6 Rxb2+ 44. Kc1 Rf2 45.
Rh8+ Ka7 46. Rf8 Nb2 47. f5 Nd3+ 48. Kb1 Rb2+ 49. Ka1 Rf2 50. a3 Nc1 51. Nxg7
Ne2 52. Kb1 Nc3+ 53. Kc1 Re2 54. Rc8 Ne4 55. Ne6 Rf2 56. Rf8 Re2 57. g6 Nc3 58.
Rc8 Rf2 59. Rxc3 Rxf5 60. g7 Rf1+ 61. Kb2 Rg1 62. Rc5 Rxg7 63. Nxg7 Kb6 64. Ne6
Ka7 65. Rc7 Kb6 66. Kb3 Ka7 67. Nd8 Kb6 68. Rxb7+ Ka5 69. Nc6# 1-0

[Event "DEM U16 2003"]
[Site "Willingen GER"]
[Date "2003.06.10"]
[Round "4"]
[White "Feuerstack, Aljoscha"]
[Black "Rohde, Torsten"]
[Result "1-0"]
[Termination "normal"]
[Board "6"]
[WhiteElo "2118"]
[BlackElo "2182"]
[PlyCount "65"]
[WhiteFideId "4681932"]
[BlackFideId "4665007"]
[EventCountry "GER"]
[EventRounds "9"]
[EventType "swiss"]
[EventDate "2003.06.07"]

1. e4 c5 2. c3 d5 3. exd5 Qxd5 4. d4 Nf6 5. Nf3 Bg4 6. Be2 e6 7. h3 Bh5 8. O-O
Nc6 9. a3 a6 10. c4 Qd8 11. dxc5 Bxc5 12. b4 Be7 13. Nc3 O-O 14. Be3 Bg6 15.
Qb3 Ne4 16. Na4 Bf6 17. Rac1 Qe7 18. Bb6 Ne5 19. Rfd1 Nd7 20. Ba5 Rac8 21. c5
Ng5 22. Nd2 Bd4 23. h4 Qf6 24. Qg3 Ne4 25. Nxe4 Bxe4 26. Rxd4 Qxd4 27. Rd1 Qf6
28. Rxd7 Bc6 29. Nb6 Bxd7 30. Nxd7 Qa1+ 31. Kh2 Rfe8 32. b5 Qd4 33. Bc3 1-0

[Event "DEM U16 2003"]
[Site "Willingen GER"]
[Date "2003.06.10"]
[Round "4"]
[White "Ratkovitch, Dimitri"]
[Black "Brüdigam, Martin"]
[Result "1-0"]
[Termination "normal"]
[Board "7"]
[WhiteElo "1818"]
[BlackElo "1926"]
[PlyCount "53"]
[WhiteFideId "24608050"]
[BlackFideId "24608033"]
[EventCountry "GER"]
[EventRounds "9"]
[EventType "swiss"]
[EventDate "2003.06.07"]

1. e4 c6 2. d4 d5 3. f3 e6 4. Nc3 Bb4 5. a3 Bxc3+ 6. bxc3 dxe4 7. Be2 Nf6 8.
fxe4 Nxe4 9. Qd3 Qa5 10. Bb2 Nf6 11. Nf3 Nbd7 12. O-O Nb6 13. Ne5 Nbd7 14. Qg3
O-O 15. Rae1 Nxe5 16. dxe5 Qc5+ 17. Kh1 Ne4 18. Qh4 Qxe5 19. Bd3 f5 20. Bxe4
Qb5 21. Ba1 Qc4 22. Qf2 Bd7 23. Bd3 Qa2 24. Qd4 Rf7 25. Qb4 Qd5 26. c4 c5 27.
cxd5 1-0

[Event "DEM U16 2003"]
[Site "Willingen GER"]
[Date "2003.06.10"]
[Round "4"]
[White "Nüsken, Nikolas"]
[Black "Frübing, Stefan"]
[Result "1/2-1/2"]
[Termination "normal"]
[Board "8"]
[WhiteElo "2094"]
[BlackElo "2063"]
[PlyCount "71"]
[WhiteFideId "24605891"]
[BlackFideId "4682165"]
[EventCountry "GER"]
[EventRounds "9"]
[EventType "swiss"]
[EventDate "2003.06.07"]

1. e4 c5 2. Nf3 Nc6 3. d4 cxd4 4. Nxd4 g6 5. Nc3 Bg7 6. Be3 Nf6 7. Nxc6 bxc6 8.
e5 Nd5 9. Nxd5 cxd5 10. Qxd5 Rb8 11. Bxa7 Rxb2 12. Bd4 Rxc2 13. Bd3 e6 14. Qa8
Rc6 15. O-O O-O 16. Qa4 Qc7 17. Bb5 Rc2 18. Rab1 Bb7 19. Bb6 Qc3 20. Ba5 Qc5
21. Bxd7 Bxg2 22. Rb5 Bc6 23. Rxc5 Bxa4 24. Rxc2 Bxc2 25. Rc1 Ra8 26. Rxc2 Rxa5
27. f4 Bh6 28. Rc8+ Kg7 29. Rc7 Kf8 30. Rc8+ Ke7 31. Bc6 f5 32. Rc7+ Kf8 33.
Rc8+ Ke7 34. Rc7+ Kf8 35. Rc8+ Ke7 36. Rc7+ 1/2-1/2

[Event "DEM U16 2003"]
[Site "Willingen GER"]
[Date "2003.06.10"]
[Round "4"]
[White "Shmirina, Evgenija"]
[Black "Germer, Philipp"]
[Result "1-0"]
[Termination "normal"]
[Board "9"]
[WhiteElo "2146"]
[BlackElo "2149"]
[PlyCount "81"]
[WhiteFideId "4693809"]
[BlackFideId "4693523"]
[EventCountry "GER"]
[EventRounds "9"]
[EventType "swiss"]
[EventDate "2003.06.07"]

1. e4 e5 2. Nf3 Nc6 3. d4 exd4 4. Nxd4 Nf6 5. Nxc6 bxc6 6. e5 Nd5 7. c4 Nb6 8.
Bd3 Bb4+ 9. Bd2 Qe7 10. O-O Ba6 11. b3 Bxd2 12. Nxd2 O-O-O 13. Re1 Bb7 14. Qc2
Rde8 15. a4 d6 16. a5 Nd7 17. a6 Ba8 18. Bf5 g6 19. Bxd7+ Qxd7 20. exd6 cxd6
21. c5 dxc5 22. Nc4 Re6 23. Rxe6 Qxe6 24. Rd1 Re8 25. Qd2 Rf8 26. h3 Qe7 27.
Qf4 Qc7 28. Qf6 Kb8 29. Rd6 Re8 30. Qf4 Re1+ 31. Kh2 Rd1 32. Qe5 Rd5 33. Qe8+
Qc8 34. Qxf7 Rxd6 35. Nxd6 Qxa6 36. Qxh7 c4 37. bxc4 c5 38. Qg8+ Kc7 39. Nb5+
Kb7 40. Qf7+ Kb8 41. Qc7# 1-0

[Event "DEM U16 2003"]
[Site "Willingen GER"]
[Date "2003.06.10"]
[Round "4"]
[White "Mijatovic, Vladimir"]
[Black "Kürsten, Rüdiger"]
[Result "1-0"]
[Termination "normal"]
[Board "10"]
[WhiteElo "2082"]
[BlackElo "1850"]
[PlyCount "83"]
[WhiteFideId "934062"]
[BlackFideId "24605816"]
[EventCountry "GER"]
[EventRounds "9"]
[EventType "swiss"]
[EventDate "2003.06.07"]

1. e4 g6 2. d4 Bg7 3. Nc3 d6 4. Be3 c6 5. Qd2 b5 6. f3 Nd7 7. Bd3 b4 8. Nce2
Rb8 9. Nh3 c5 10. O-O Qc7 11. c4 cxd4 12. Nxd4 Nc5 13. Nf4 Nf6 14. Nd5 Qb7 15.
Rad1 O-O 16. Rfe1 Ne8 17. Nc6 e6 18. Nde7+ Kh8 19. Nxb8 Qxb8 20. Nxc8 Nxd3 21.
Qxd3 Qxc8 22. Bxa7 Qa6 23. Bd4 e5 24. Be3 Qxa2 25. b3 f5 26. Ra1 Qb2 27. Reb1
fxe4 28. fxe4 Qc3 29. Qxc3 bxc3 30. Rf1 Nf6 31. Rac1 Nxe4 32. Rxf8+ Bxf8 33.
Kf1 Kg8 34. Ke2 Bg7 35. Kd3 Nc5+ 36. Bxc5 dxc5 37. Ke4 Kf7 38. Rxc3 Ke6 39. Rd3
Bf6 40. Rd5 Be7 41. Rxe5+ Kf6 42. Rxe7 1-0

[Event "DEM U16 2003"]
[Site "Willingen GER"]
[Date "2003.06.10"]
[Round "4"]
[White "Beckmann, Emanuel"]
[Black "Poysti, Nathanael"]
[Result "1-0"]
[Termination "normal"]
[Board "11"]
[WhiteElo "1842"]
[BlackElo "1879"]
[PlyCount "67"]
[WhiteFideId "24608025"]
[EventCountry "GER"]
[EventRounds "9"]
[EventType "swiss"]
[EventDate "2003.06.07"]

1. e4 Nf6 2. e5 Nd5 3. d4 d6 4. f4 dxe5 5. fxe5 c5 6. c3 e6 7. Nf3 cxd4 8. cxd4
Be7 9. Nc3 Nc6 10. Bd3 Qb6 11. Be4 Nxc3 12. bxc3 Bd7 13. O-O f6 14. exf6 gxf6
15. Kh1 O-O-O 16. Rf2 f5 17. Bd3 e5 18. Rb2 Qc7 19. d5 Na5 20. Ng5 e4 21. Bb5
Rhg8 22. Nf7 Ba3 23. d6 Qc5 24. Nxd8 Bxb2 25. Bxd7+ Kxd7 26. Qh5 Rg7 27. Bxb2
Qf2 28. Rg1 Kxd8 29. Qh6 Rg6 30. Qf8+ Kd7 31. Qe7+ Kc6 32. d7 Rxg2 33. Qe6+ Kc7
34. d8=Q+ 1-0

[Event "DEM U16 2003"]
[Site "Willingen GER"]
[Date "2003.06.10"]
[Round "4"]
[White "Hillmann, Michael"]
[Black "Wolter, Jens"]
[Result "0-1"]
[Termination "normal"]
[Board "12"]
[WhiteElo "1763"]
[BlackElo "1790"]
[PlyCount "136"]
[WhiteFideId "24609889"]
[BlackFideId "4698185"]
[EventCountry "GER"]
[EventRounds "9"]
[EventType "swiss"]
[EventDate "2003.06.07"]

1. d4 d5 2. Nf3 e6 3. c4 Nf6 4. Bg5 Be7 5. Nc3 O-O 6. e3 h6 7. Bxf6 Bxf6 8. Qc2
b6 9. h4 g6 10. g4 Bg7 11. g5 h5 12. O-O-O dxc4 13. Bxc4 Ba6 14. Bb3 Bb7 15. e4
Qe7 16. Ne5 c5 17. Nf3 cxd4 18. Nxd4 Nc6 19. Nxc6 Bxc6 20. Rh3 Rfd8 21. Rxd8+
Rxd8 22. f4 Qd6 23. e5 Qb4 24. Rd3 Qxf4+ 25. Kb1 Rxd3 26. Qxd3 Qxe5 27. a3 Qe1+
28. Ka2 Qxh4 29. Qd8+ Kh7 30. Qc7 Bd5 31. Bxd5 exd5 32. Nxd5 Qxg5 33. Qxf7 Qe5
34. Nc3 a5 35. Qb7 Qd4 36. Qf7 Kh6 37. Qe6 b5 38. Qe1 Qc4+ 39. Kb1 Bxc3 40.
bxc3 Qb3+ 41. Kc1 Qxa3+ 42. Kd2 Qa2+ 43. Kd3 Qd5+ 44. Kc2 Qf5+ 45. Kb2 Qf4 46.
Qe8 Qd2+ 47. Kb3 Qd5+ 48. Kb2 h4 49. Qe3+ Qg5 50. Qe8 Qd2+ 51. Kb3 a4+ 52. Kb4
Qb2+ 53. Ka5 Qxc3+ 54. Kxb5 a3 55. Qf8+ Kh5 56. Qe7 Qc1 57. Qh7+ Qh6 58. Qf7
Qe3 59. Qh7+ Kg5 60. Qd7 Qe4 61. Qd2+ Kh5 62. Qd1+ Qg4 63. Qa1 Qd7+ 64. Kc4 Qd6
65. Qe1 a2 66. Qe2+ Kh6 67. Qe3+ g5 68. Qe1 Qa6+ 0-1

[Event "DEM U16 2003"]
[Site "Willingen GER"]
[Date "2003.06.10"]
[Round "4"]
[White "Zollondz, Mark"]
[Black "Lang, Henry"]
[Result "1-0"]
[Termination "normal"]
[Board "13"]
[WhiteElo "1819"]
[BlackElo "1676"]
[PlyCount "123"]
[EventCountry "GER"]
[EventRounds "9"]
[EventType "swiss"]
[EventDate "2003.06.07"]

1. d4 d5 2. c4 e6 3. Nc3 Nf6 4. Bg5 Nbd7 5. cxd5 exd5 6. Qc2 c6 7. e3 h6 8. Bh4
Be7 9. Bd3 O-O 10. Nf3 Re8 11. O-O Ne4 12. Bxe7 Qxe7 13. Rab1 a5 14. a3 Nxc3
15. Qxc3 a4 16. Rfc1 Nf6 17. Qb4 Ne4 18. Qxe7 Rxe7 19. Bxe4 dxe4 20. Nd2 Be6
21. Nc4 Bxc4 22. Rxc4 Ra5 23. b4 axb3 24. Rxb3 Rd7 25. h3 g6 26. Rcb4 b5 27.
Rc3 Rd6 28. Kh2 Kg7 29. Kg3 g5 30. Rbb3 Kg6 31. Rc5 f6 32. Rbc3 Ra6 33. h4 Rb6
34. Kg4 h5+ 35. Kg3 g4 36. Kf4 Re6 37. d5 cxd5 38. Rxd5 b4 39. axb4 Rxb4 40.
Rcc5 Rb2 41. Kg3 Ra6 42. Rxh5 Raa2 43. Rhf5 Rc2 44. Rxc2 Rxc2 45. Kxg4 Rc6 46.
Rf4 Re6 47. h5+ Kg7 48. Kh4 Kh7 49. g4 Kh6 50. Rf5 Ra6 51. Kg3 Kg7 52. Kf4 Ra4
53. Rb5 Ra2 54. Rb7+ Kh6 55. Kg3 Ra6 56. Rf7 Kg5 57. Rg7+ Kh6 58. Rg6+ Kh7 59.
g5 Ra5 60. gxf6 Rxh5 61. Rg4 Rf5 62. Rf4 1-0

[Event "DEM U16 2003"]
[Site "Willingen GER"]
[Date "2003.06.10"]
[Round "4"]
[White "Victor, Silver Star"]
[Black "Kaufmann, Benjamin"]
[Result "1/2-1/2"]
[Termination "normal"]
[Board "14"]
[WhiteElo "1628"]
[BlackElo "1675"]
[PlyCount "98"]
[BlackFideId "24613525"]
[EventCountry "GER"]
[EventRounds "9"]
[EventType "swiss"]
[EventDate "2003.06.07"]

1. d4 d5 2. c4 e6 3. Nc3 Nf6 4. Bg5 Be7 5. e3 O-O 6. Nf3 Nbd7 7. Bd3 dxc4 8.
Bxc4 c5 9. O-O cxd4 10. Nxd4 Nb6 11. Bb3 Bd7 12. Qf3 Rb8 13. Bf4 Ra8 14. Qxb7
Qe8 15. Qf3 Rc8 16. e4 Bb4 17. Be5 Bxc3 18. bxc3 Qe7 19. Bxf6 Qxf6 20. Qxf6
gxf6 21. Rac1 e5 22. Nf3 Bb5 23. Rfd1 Rc7 24. Nh4 Bd7 25. Rc2 Rfc8 26. Rdc1 Nc4
27. Bxc4 Rxc4 28. f3 Be6 29. Nf5 Bxf5 30. exf5 Rf4 31. c4 Rxf5 32. c5 Rc6 33.
Rc4 Kf8 34. Re4 Ke7 35. Kf2 Kd7 36. g4 Rg5 37. Ra4 Rc7 38. h4 Rg8 39. Ra6 Ke7
40. Rd1 Rgc8 41. Rad6 a5 42. R1d2 Rxc5 43. Rd7+ Ke8 44. Ke2 Rc2 45. Ra7 R8c5
46. Ra8+ Ke7 47. Ra7+ Kf8 48. h5 Kg7 49. Ra6 Kf8 1/2-1/2

[Event "DEM U16 2003"]
[Site "Willingen GER"]
[Date "2003.06.10"]
[Round "5"]
[White "Heinz, Axel"]
[Black "Becker, Martin Alexander"]
[Result "1-0"]
[Termination "normal"]
[Board "2"]
[WhiteElo "2269"]
[BlackElo "2199"]
[PlyCount "69"]
[WhiteFideId "4667557"]
[BlackFideId "4680820"]
[EventCountry "GER"]
[EventRounds "9"]
[EventType "swiss"]
[EventDate "2003.06.07"]

1. e4 c5 2. Nf3 d6 3. d4 cxd4 4. Nxd4 Nf6 5. Nc3 a6 6. g3 e5 7. Nde2 Nbd7 8.
Bg2 b6 9. h3 Bb7 10. g4 Nc5 11. Ng3 g6 12. Be3 Ne6 13. Qd2 Rc8 14. O-O Be7 15.
Nd5 Nxd5 16. exd5 Nf4 17. Bxf4 exf4 18. Qxf4 O-O 19. c3 Rc5 20. Rad1 Bg5 21.
Qd4 Bf6 22. Qd3 Bg7 23. Rfe1 b5 24. Ne4 Rc4 25. Ng3 Qb6 26. Qe3 Qc7 27. Qe7 Be5
28. Rxe5 dxe5 29. d6 Qxe7 30. dxe7 Re8 31. Bxb7 Rxe7 32. Bxa6 Ra4 33. Bxb5 Rxa2
34. Rd2 e4 35. Re2 1-0

[Event "DEM U16 2003"]
[Site "Willingen GER"]
[Date "2003.06.10"]
[Round "5"]
[White "Degtiarev, Jewgeni"]
[Black "Feuerstack, Aljoscha"]
[Result "1-0"]
[Termination "normal"]
[Board "3"]
[WhiteElo "2254"]
[BlackElo "2118"]
[PlyCount "49"]
[WhiteFideId "4149610"]
[BlackFideId "4681932"]
[EventCountry "GER"]
[EventRounds "9"]
[EventType "swiss"]
[EventDate "2003.06.07"]

1. d4 Nf6 2. c4 c5 3. d5 b5 4. cxb5 a6 5. b6 a5 6. Nc3 Ba6 7. e4 Bxf1 8. Kxf1
d6 9. g3 Nbd7 10. Kg2 g6 11. f4 Bg7 12. Nf3 Nxb6 13. Qe2 O-O 14. Rd1 a4 15. a3
Qc8 16. e5 Ne8 17. Rb1 Qa6 18. Qe4 Qc4 19. Qe1 Nc7 20. Nd2 Qa6 21. Nde4 Rfd8
22. Qf2 Nbxd5 23. Nxd5 Nxd5 24. Rxd5 Qc6 25. Qf3 1-0

[Event "DEM U16 2003"]
[Site "Willingen GER"]
[Date "2003.06.10"]
[Round "5"]
[White "Armbrust, Florian"]
[Black "Ratkovitch, Dimitri"]
[Result "1/2-1/2"]
[Termination "normal"]
[Board "4"]
[WhiteElo "2234"]
[BlackElo "1818"]
[PlyCount "73"]
[WhiteFideId "4691350"]
[BlackFideId "24608050"]
[EventCountry "GER"]
[EventRounds "9"]
[EventType "swiss"]
[EventDate "2003.06.07"]

1. e4 a6 2. d4 g6 3. Nc3 c6 4. f4 d5 5. e5 h5 6. Be3 Nh6 7. Nf3 Bg4 8. Be2 e6
9. Bf2 Qb6 10. Rb1 Nf5 11. O-O Nd7 12. b4 Be7 13. a4 a5 14. b5 c5 15. Ng5 Bxe2
16. Nxe2 cxd4 17. Nxd4 Nxd4 18. Bxd4 Bc5 19. c3 Rc8 20. Kh1 Bxd4 21. cxd4 Rc4
22. Rc1 Rxc1 23. Qxc1 O-O 24. Qc3 Qa7 25. f5 exf5 26. Qc7 f6 27. Ne6 Rf7 28.
Nd8 Rg7 29. e6 Qb6 30. Qc8 Nf8 31. Re1 Re7 32. Nxb7 Qxd4 33. Nd8 Qb4 34. Rc1
Qd6 35. Nb7 Qb6 36. Nd8 Qd6 37. Nb7 1/2-1/2

[Event "DEM U16 2003"]
[Site "Willingen GER"]
[Date "2003.06.10"]
[Round "5"]
[White "Krämer, Martin"]
[Black "Laßan, Christian"]
[Result "1-0"]
[Termination "normal"]
[Board "5"]
[WhiteElo "2173"]
[BlackElo "2089"]
[PlyCount "166"]
[WhiteFideId "4671910"]
[BlackFideId "4685997"]
[EventCountry "GER"]
[EventRounds "9"]
[EventType "swiss"]
[EventDate "2003.06.07"]

1. e4 e6 2. d3 d5 3. Nd2 Nf6 4. Ngf3 Be7 5. g3 c5 6. Bg2 Nc6 7. O-O Qc7 8. Re1
O-O 9. Qe2 b5 10. e5 Nd7 11. Nf1 a5 12. h4 Ba6 13. N1h2 b4 14. Bf4 c4 15. Ng4
Qb7 16. Bg5 Bxg5 17. hxg5 cxd3 18. cxd3 Qb5 19. Red1 Rfc8 20. Qe3 Nf8 21. Bf1
Ng6 22. d4 Qb6 23. Kg2 Nce7 24. Bxa6 Qxa6 25. Rac1 Nf5 26. Qd2 Rxc1 27. Rxc1
Rc8 28. Ne3 Nxe3+ 29. Qxe3 Rxc1 30. Qxc1 Qc4 31. Qxc4 dxc4 32. Nd2 c3 33. bxc3
bxc3 34. Nb3 Ne7 35. Kf3 a4 36. Na1 Nd5 37. Nc2 Kf8 38. Ke2 Ke7 39. a3 Kd7 40.
Kd3 Kc6 41. Ne3 Nc7 42. Nd1 c2 43. Kxc2 Nb5 44. Kd3 Nxa3 45. Nc3 Nb5 46. Nxa4
Kd5 47. Nb6+ Kc6 48. Nc4 Kd5 49. Ne3+ Kc6 50. f3 Nc7 51. Kc4 Nb5 52. Ng2 Na3+
53. Kd3 Nb5 54. Nf4 Nc7 55. Nh5 Ne8 56. Kc4 Kb6 57. f4 Kc6 58. g4 Kb6 59. Kd3
Kc7 60. Ke4 Kc6 61. f5 Kd7 62. Nf4 Ke7 63. Kd3 Kd7 64. Kc4 Nc7 65. Kc5 Na6+ 66.
Kb5 Nc7+ 67. Kc4 Kc6 68. Nh5 Ne8 69. Kc3 Kc7 70. f6 g6 71. Ng7 Kd7 72. Nxe8
Kxe8 73. Kc4 Kd8 74. Kb5 Kd7 75. Kc5 Ke8 76. Kc6 Kd8 77. Kd6 Ke8 78. Kc7 Kf8
79. Kd7 Kg8 80. Ke7 h6 81. d5 hxg5 82. dxe6 fxe6 83. f7+ Kh7 1-0

[Event "DEM U16 2003"]
[Site "Willingen GER"]
[Date "2003.06.10"]
[Round "5"]
[White "Grimberg, Boris"]
[Black "Eisenbeiser, Amadeus"]
[Result "0-1"]
[Termination "normal"]
[Board "6"]
[WhiteElo "2136"]
[BlackElo "2243"]
[PlyCount "92"]
[WhiteFideId "4697499"]
[BlackFideId "4678338"]
[EventCountry "GER"]
[EventRounds "9"]
[EventType "swiss"]
[EventDate "2003.06.07"]

1. e4 d6 2. d4 g6 3. Nc3 a6 4. Be2 Bg7 5. Be3 Nd7 6. Qd2 h6 7. f3 e6 8. Nh3 Ne7
9. O-O-O b5 10. a3 Bb7 11. Nf2 c5 12. dxc5 dxc5 13. g4 Qc7 14. Bf4 Qc6 15. Qd6
Qxd6 16. Rxd6 Bd4 17. Rd1 Nc8 18. Rxd7 Kxd7 19. Be5 Rd8 20. Bxd4 cxd4 21. Rxd4+
Ke7 22. Rxd8 Kxd8 23. Nd3 Nb6 24. Nc5 Bc6 25. b4 Nd7 26. Nb3 Kc7 27. Kd2 g5 28.
Ke3 Ne5 29. Nc5 Kb6 30. Kd4 Ng6 31. Nb3 Rf8 32. Bd3 Nh4 33. Be2 f5 34. Nc5 fxg4
35. fxg4 Rf2 36. Nxe6 Rxh2 37. Ng7 Ng6 38. Nf5 Nf4 39. Bd3 h5 40. gxh5 Nxh5 41.
Nd5+ Bxd5 42. Kxd5 g4 43. e5 g3 44. Nxg3 Nxg3 45. e6 Kc7 46. Bg6 Re2 0-1

[Event "DEM U16 2003"]
[Site "Willingen GER"]
[Date "2003.06.10"]
[Round "5"]
[White "Rohde, Torsten"]
[Black "Nüsken, Nikolas"]
[Result "0-1"]
[Termination "normal"]
[Board "7"]
[WhiteElo "2182"]
[BlackElo "2094"]
[PlyCount "54"]
[WhiteFideId "4665007"]
[BlackFideId "24605891"]
[EventCountry "GER"]
[EventRounds "9"]
[EventType "swiss"]
[EventDate "2003.06.07"]

1. e4 c5 2. c3 Nf6 3. e5 Nd5 4. d4 cxd4 5. Nf3 e6 6. cxd4 d6 7. Bc4 Nc6 8. a3
Be7 9. O-O O-O 10. Re1 a6 11. Bd3 Qc7 12. Qe2 Bd7 13. Bd2 Qb6 14. Qe4 f5 15.
exf6 Nxf6 16. Qh4 g6 17. Nc3 Rac8 18. Ng5 Qxd4 19. Nce4 Nh5 20. Bb1 Rf5 21. g4
Bxg5 22. Bxg5 Ne5 23. Qh3 Nf3+ 24. Qxf3 Rxf3 25. gxh5 d5 26. Be3 Qe5 27. Ng5
Rxe3 0-1

[Event "DEM U16 2003"]
[Site "Willingen GER"]
[Date "2003.06.10"]
[Round "5"]
[White "Frübing, Stefan"]
[Black "Shmirina, Evgenija"]
[Result "0-1"]
[Termination "normal"]
[Board "8"]
[WhiteElo "2063"]
[BlackElo "2146"]
[PlyCount "110"]
[WhiteFideId "4682165"]
[BlackFideId "4693809"]
[EventCountry "GER"]
[EventRounds "9"]
[EventType "swiss"]
[EventDate "2003.06.07"]

1. Nf3 e6 2. g3 b6 3. Bg2 Bb7 4. O-O f5 5. d3 Nf6 6. Nbd2 Be7 7. e4 O-O 8. c3
Nc6 9. exf5 exf5 10. Ne5 Nxe5 11. Bxb7 Rb8 12. Ba6 d5 13. d4 Ned7 14. Bd3 Ne4
15. f3 Nd6 16. Re1 Bg5 17. Nf1 Bxc1 18. Rxc1 f4 19. Qe2 Qf6 20. g4 Rfe8 21. Qc2
Qh4 22. Rxe8+ Rxe8 23. Qa4 Nf6 24. Rc2 a5 25. Qc6 Nf7 26. Qxc7 Ng5 27. Kh1 Nxf3
28. Bb5 Rf8 29. Qxf4 Ne4 30. Qe3 Qxg4 31. Rg2 Qh3 32. Bd3 Qf5 33. Ng3 Nxg3+ 34.
Rxg3 Qh5 35. Qe2 Qf7 36. Qf1 Ng5 37. Qg2 Re8 38. h4 Re1+ 39. Kh2 Ne4 40. Bxe4
dxe4 41. c4 Qf6 42. Qh3 Re2+ 43. Rg2 Rxg2+ 44. Kxg2 Qxd4 45. Qe6+ Kf8 46. Qc8+
Ke7 47. Qc7+ Ke6 48. Qc6+ Ke5 49. Qc7+ Kf5 50. Qc8+ Kf4 51. Qc7+ Ke3 52. b3
Qd2+ 53. Kh3 Qd4 54. h5 Kd3 55. Qf4 Qe3+ 0-1

[Event "DEM U16 2003"]
[Site "Willingen GER"]
[Date "2003.06.10"]
[Round "5"]
[White "Brüdigam, Martin"]
[Black "Mijatovic, Vladimir"]
[Result "0-1"]
[Termination "normal"]
[Board "9"]
[WhiteElo "1926"]
[BlackElo "2082"]
[PlyCount "72"]
[WhiteFideId "24608033"]
[BlackFideId "934062"]
[EventCountry "GER"]
[EventRounds "9"]
[EventType "swiss"]
[EventDate "2003.06.07"]

1. e4 c5 2. Nf3 d6 3. c3 Nf6 4. Be2 Nbd7 5. Qc2 Qc7 6. O-O b6 7. d3 Bb7 8. c4
g6 9. Nc3 a6 10. h3 Bg7 11. Be3 O-O 12. Rac1 Rac8 13. a3 e6 14. Rfd1 d5 15.
cxd5 exd5 16. exd5 Nxd5 17. Nxd5 Bxd5 18. d4 Qb7 19. dxc5 Nxc5 20. Bxc5 Rxc5
21. Qa4 Rxc1 22. Rxc1 Bxb2 23. Rb1 b5 24. Qb4 Bf6 25. a4 Be7 26. Qa5 Be4 27.
Rc1 Bd8 28. Qb4 bxa4 29. Qxa4 a5 30. Rc4 Bd5 31. Rc5 Bb3 32. Qa3 a4 33. Nd2 Be7
34. Bc4 Bxc5 35. Qxc5 Bxc4 36. Nxc4 Rc8 0-1

[Event "DEM U16 2003"]
[Site "Willingen GER"]
[Date "2003.06.10"]
[Round "5"]
[White "Germer, Philipp"]
[Black "Beckmann, Emanuel"]
[Result "1/2-1/2"]
[Termination "normal"]
[Board "10"]
[WhiteElo "2149"]
[BlackElo "1842"]
[PlyCount "68"]
[WhiteFideId "4693523"]
[BlackFideId "24608025"]
[EventCountry "GER"]
[EventRounds "9"]
[EventType "swiss"]
[EventDate "2003.06.07"]

1. e4 c5 2. d3 e6 3. Nf3 d5 4. Nbd2 Nc6 5. g3 Nf6 6. Bg2 Be7 7. O-O O-O 8. e5
Nd7 9. Re1 b5 10. Nf1 Qc7 11. Bf4 c4 12. d4 b4 13. h4 Nb6 14. h5 Na4 15. Qc1 a5
16. Ne3 c3 17. b3 Nb6 18. Ng4 Qa7 19. h6 g6 20. Bg5 a4 21. Qf4 Ba6 22. Bf6 Rfb8
23. Bg7 Nd7 24. Rad1 Qc7 25. Ng5 Bxg5 26. Qxg5 Qd8 27. Qf4 axb3 28. axb3 Ne7
29. Bf6 Rb5 30. Re3 Qe8 31. Rf3 Ra5 32. Bg5 Ra7 33. Nf6+ Nxf6 34. Qxf6 Qf8
1/2-1/2

[Event "DEM U16 2003"]
[Site "Willingen GER"]
[Date "2003.06.10"]
[Round "5"]
[White "Wolter, Jens"]
[Black "Poysti, Nathanael"]
[Result "1-0"]
[Termination "normal"]
[Board "11"]
[WhiteElo "1790"]
[BlackElo "1879"]
[PlyCount "105"]
[WhiteFideId "4698185"]
[EventCountry "GER"]
[EventRounds "9"]
[EventType "swiss"]
[EventDate "2003.06.07"]

1. e4 Nf6 2. e5 Nd5 3. d4 d6 4. c4 Nb6 5. exd6 exd6 6. Nc3 Be7 7. Bd3 Nc6 8.
Nge2 Bf6 9. Be3 Bg4 10. f3 Bh5 11. O-O O-O 12. c5 dxc5 13. dxc5 Nc8 14. Rc1 Re8
15. Bf2 N8e7 16. Ng3 Bg6 17. Bxg6 Nxg6 18. b3 Nb4 19. Nge4 Be5 20. Bg3 Bd4+ 21.
Kh1 Be5 22. Bxe5 Nxe5 23. Nf2 Ned3 24. Nxd3 Nxd3 25. Rc2 Qd7 26. Rd2 Rad8 27.
Ne4 f5 28. Nd6 cxd6 29. Rxd3 d5 30. Qd2 Re5 31. Kg1 Qf7 32. f4 Re4 33. Qa5 Ra8
34. Rfd1 Rxf4 35. Rxd5 Re4 36. Rd7 Re7 37. Qc7 Rae8 38. Qxb7 Qe6 39. Rxe7 Rxe7
40. Qd5 Qxd5 41. Rxd5 g6 42. Kf2 Kf7 43. b4 Rb7 44. a3 Ke6 45. Rd2 a5 46. c6
Rb8 47. Rc2 axb4 48. axb4 Kd6 49. b5 Rc8 50. Kf3 h6 51. Kf4 Rc7 52. h4 Rc8 53.
h5 1-0

[Event "DEM U16 2003"]
[Site "Willingen GER"]
[Date "2003.06.10"]
[Round "5"]
[White "Kürsten, Rüdiger"]
[Black "Hillmann, Michael"]
[Result "1-0"]
[Termination "normal"]
[Board "12"]
[WhiteElo "1850"]
[BlackElo "1763"]
[PlyCount "47"]
[WhiteFideId "24605816"]
[BlackFideId "24609889"]
[EventCountry "GER"]
[EventRounds "9"]
[EventType "swiss"]
[EventDate "2003.06.07"]

1. Nf3 f5 2. g3 Nf6 3. Bg2 g6 4. O-O Bg7 5. d4 d6 6. c4 O-O 7. Nc3 Qe8 8. Re1
e5 9. e4 f4 10. dxe5 dxe5 11. gxf4 Nh5 12. f5 c6 13. fxg6 Qxg6 14. Kh1 Be6 15.
Rg1 Qf6 16. Ng5 Nf4 17. Bxf4 exf4 18. Qh5 h6 19. Nxe6 Qxe6 20. Bh3 Qe7 21.
Rxg7+ Qxg7 22. Rg1 Qxg1+ 23. Kxg1 Rf6 24. e5 1-0

[Event "DEM U16 2003"]
[Site "Willingen GER"]
[Date "2003.06.10"]
[Round "5"]
[White "Kaufmann, Benjamin"]
[Black "Zollondz, Mark"]
[Result "0-1"]
[Termination "normal"]
[Board "13"]
[WhiteElo "1675"]
[BlackElo "1819"]
[PlyCount "68"]
[WhiteFideId "24613525"]
[EventCountry "GER"]
[EventRounds "9"]
[EventType "swiss"]
[EventDate "2003.06.07"]

1. d4 Nf6 2. Nf3 g6 3. Bf4 Bg7 4. e3 d5 5. h3 O-O 6. Nbd2 c5 7. c3 Nbd7 8. Be2
b6 9. O-O Bb7 10. Ne5 Nxe5 11. Bxe5 e6 12. a4 Qe7 13. a5 Bc6 14. Qb3 Nd7 15.
Bxg7 Kxg7 16. Nf3 f6 17. Rfd1 Rfd8 18. Ra2 e5 19. dxe5 fxe5 20. Bb5 c4 21. Qa4
Nc5 22. Qb4 bxa5 23. Qxa5 Nb3 24. Qa4 Nc5 25. Qa5 Bxb5 26. Qxb5 Nd3 27. Qa5 Qf7
28. Rf1 Rf8 29. Qa6 Qe7 30. Ne1 Nc1 31. Ra5 Ne2+ 32. Kh2 e4 33. Rxd5 Qh4 34. g3
Rxf2+ 0-1